Picasso e historia.

Uloženo v:
Podrobná bibliografie
Další autoři: Lebrero Stals, José (Editor)
Médium: Neznámo
Vydáno: Madrid, España: Machado Grupo de Distribución, S.L. 2021.
Málaga, España: Fundación Museo Picasso Málaga,
Edice:La balsa de la Medusa,
Témata:
Tagy: Přidat tag
Žádné tagy, Buďte první, kdo vytvoří štítek k tomuto záznamu!

MARC

LEADER 00000 a2200000 4500
003 CL-VaPUC
005 20230330112753.0
008 230315t2021 ||||| |||| 00| 0 eng d
999 |c 440162  |d 440160 
020 |a 978-84-7774-350-7 
040 |c Pontificia Universidad Católica de Valparaíso 
082 |2 22  |a 759.6 LEB 2021 
100 |a Lebrero Stals, José  |9 598151  |e editor 
245 |a Picasso e historia. 
260 |a Madrid, España:  |b Machado Grupo de Distribución, S.L. 
260 |a Málaga, España:  |b Fundación Museo Picasso Málaga,  |c 2021. 
300 |a 237 páginas.  
490 |a La balsa de la Medusa,   |n  229. 
583 |k GC  |c 20230315 
600 0 |9 559300  |a Picasso, Pablo Ruiz,   |d 1881-1973  |e Pintor y escultor español  |v Crítica e interpretación   |y Siglo 20 
600 0 |9 559300  |a Picasso, Pablo Ruiz,   |d 1881-1973  |v Análisis histórico cultural   |x Obras de arte  |y 1910 - 1945  |y 1945 - 1970 
650 0 |9 315216  |a Pintores españoles  |x Arte moderno   |x Cubismo   |y Siglo 20 
942 |2 ddc  |c BK 
952 |0 0  |1 0  |2 ddc  |4 0  |6 759_600000000000000_LEB_2021  |7 0  |8 A  |9 589083  |a BIBART  |b BIBART  |c GEN  |d 2023-03-15  |e 11  |g 26000.31  |i 5656658  |o 759.6 LEB 2021  |p 5656658  |r 2025-03-13  |t 1  |v 26000.31  |w 2023-03-15  |y BK  |k ART